All 50k+ Cities in Belarus with a Map - Statistics

General Stats
  • This quiz has been taken 3,779 times
    3,521 since last reset
  • The average score is 10 of 23
Answers on the Map
Answers color-coded by a green-red scale on the quiz's map according to % correct below.
 
Answer Stats
Population City % Correct
2,009,786 Minsk
100%
340,318 Brest
88%
507,795 Gomel
82%
357,510 Grodno
74%
362,949 Vitebsk
72%
357,404 Mogilev
66%
125,900 Pinsk
54%
139,481 Barysaw
43%
174,183 Baranovichi
42%
80,795 Polotsk
40%
103,391 Lida
38%
106,505 Orsha
37%
211,389 Babruysk
35%
105,439 Mazyr
35%
100,824 Soligorsk
32%
98,122 Navapolatsk
31%
61,396 Slutsk
24%
91,063 Maladzyechna
23%
52,843 Kobryn
18%
64,745 Zhodzina
18%
77,409 Zhlobin
17%
66,327 Rechytsa
16%
64,989 Svietlahorsk
14%
No matching quizzes found
Score Distribution
Percent of People with Each Score
Percentile by Number Answered
Your Score History
You have not taken this quiz since the last reset